Представление документа в формате MARC21

ПолеНазваниеЗначение
  Тип записи a
  Библиографический уровень m
001 Контрольный номер RU/URAIT/589659
005 Дата корректировки 20260429163702.1
008 Кодируемые данные 260429s2026 RU y f j 000 0 rus u
020 Индекс ISBN __
a ISBN 978-5-534-18698-7
c Цена, тираж 1399.00
040 Источник каталогиз. __
a Служба первич. каталог. ИКО Юрайт
c Служба, преобразующая запись ИКО Юрайт
e Правила каталог. RCR
041 Код языка издания __
a Код языка текста rus
044 Код страны публикации __
a Код страны публикации RU
080 Индекс УДК __
a Индекс УДК 658.818(075.32)
084 Индекс другой классификации/Индекс ББК __
2 Источник индекса rubbk
a Индекс другой классификации/Индекс ББК 65.433я723
100 Автор __
a Автор Черников В. Г.
q Полное имя Черников Виктор Григорьевич
245 Заглавие __
a Заглавие Сервисология
b Продолж. заглавия учебник для спо
c Ответственность В. Г. Черников.
250 Сведения об издании __
g пер. и доп
a Основные сведения об издании 2-е изд.
256 Характеристики компьютерного файла __
a Характеристики компьютерного файла Электрон. дан.
260 Выходные данные __
a Место издания Москва
b Издательство Юрайт
c Дата издания 2026
300 Физическое описание __
a Объем 252 с
440 Серия __
a Серия Профессиональное образование
500 Примечания __
a Примечание URL: https://urait.ru/bcode/589659 (дата обращения: 29.04.2026).
520 Аннотация __
a Аннотация В курсе рассмотрены наиболее важные проблемы человека как социально-природного существа, физиологические, психические и социальные основы потребностей, их сущность, классификации потребностей, а также сфера сервиса, ее специфика и связи с другими сферами общественной жизни, ее строение, функционирование и развитие в обслуживании потребностей человека. Соответствует актуальным требованиям Федерального государственного образовательного стандарта профессионального образования и профессиональным требованиям. Предназначено для студентов, обучающихся по специальностям «Сервис» и «Туризм». Также может быть полезным и практическим работникам сферы сервиса и туризма.
538 Прим. о системных особенностях __
a Прим. о системных особенностях Режим доступа: Электронно-библиотечная система Юрайт, для авториз. пользователей
653 Ключевые слова __
a Ключевые слова Сфера обслуживания
653 Ключевые слова __
a Ключевые слова Технические науки
653 Ключевые слова __
a Ключевые слова Сервисная деятельность
653 Ключевые слова __
a Ключевые слова Сервисология
653 Ключевые слова __
a Ключевые слова Основы сервисной деятельности
653 Ключевые слова __
a Ключевые слова Сервисная деятельность (по видам транспорта)
856 Электронный адрес документа 40
n Местонахождение сервера Юрайт
g Электронная книга
q Тип электронного формата html
h Имя пользователя ЮРАЙТ
v Часы доступа к ресурсу 20271231
2 Способ доступа Показать документ
x Служебное примечание https://urait.ru/book/cover/D2D80D40-F29A-446C-8F13-53BA861C0377
u URL https://urait.ru/bcode/589659
856 Электронный адрес документа 48
q Тип электронного формата cover
u URL https://urait.ru/book/cover/D2D80D40-F29A-446C-8F13-53BA861C0377
911 __
u 0030=https://urait.ru/bcode/589659
911 __
u 073a=9785534186987
u 073d=1399.00
911 __
u 106a=s
911 __
u 900l=
952 Тип литературы __
i Дисциплина Сервисная деятельность
952 Тип литературы __
i Дисциплина Сервисология
952 Тип литературы __
i Дисциплина Основы сервисной деятельности
952 Тип литературы __
i Дисциплина Сервисная деятельность (по видам транспорта)